Plantwide process control /

Basics: Introduction, plantwide control fundamentals, plantwide control design procedure. Control of individual units: reactors, heat exchangers and energy management, distillation columns, other unit operations. Industrial examples: Eastman process, isomerization process, HDA process, Vinyl acetate...

全面介紹

Đã lưu trong:
書目詳細資料
主要作者: Luyben, William L.
其他作者: Tyréus, Björn D., Luyben, Michael L.
格式: 圖書
語言:English
出版: New York : McGraw-Hill, 1998.
主題:
標簽: 添加標簽
沒有標簽, 成為第一個標記此記錄!
Thư viện lưu trữ: Mạng thư viện Đại học Đà Nẵng
LEADER 01397cam a2200349 i 4500
001 000047542
003 7228
005 20030312152707.0
008 010326|1998 vm 000 eng
020 |a 0070067791 
040 |a IRC  |c IRC  |d IRC 
041 0 |a eng 
082 1 4 |a 660.2518  |b LU-W 
100 1 |a Luyben, William L. 
245 0 0 |a Plantwide process control /  |c William L. Luyben, Björn D. Tyréus, Michael L. Luyben. 
260 |a New York :  |b McGraw-Hill,  |c 1998. 
300 |a xvi, 395 p. :  |b ill. ;  |c 23cm. 
520 3 |a Basics: Introduction, plantwide control fundamentals, plantwide control design procedure. Control of individual units: reactors, heat exchangers and energy management, distillation columns, other unit operations. Industrial examples: Eastman process, isomerization process, HDA process, Vinyl acetate process, conclusion, distillation columns, other unit operations. Industrial examples: Eastman process, isomerization process, HDA process, Vinyl acetate process, conclusion. Appendixes. 
630 0 4 |a Plantwide. 
650 0 4 |a Plantwide process control. 
700 1 |a Tyréus, Björn D. 
700 1 |a Luyben, Michael L. 
OWN |a DUT 
999 |a From the UDN01 
TYP |a Monograph 
TYP |a Printed language 
980 |a Mạng thư viện Đại học Đà Nẵng